000 00778nam a2200277Ia 4500
008 170203s9999 xx 000 0 und d
020 _a9780375828843
050 _aFic
050 _b.R114m 2009
100 _aRabe, Tish.
245 _aMiles and miles of reptiles /
245 _cTish Rabe.
260 _aUnited States :
260 _bRandom House, Inc
260 _c2009
300 _a44 pages;
300 _bcolor illustrations ;
300 _c23 cm.
440 _aCat in the Hat's learning library.
500 _a "All about reptiles"--Cover.
650 _aCat in the Hat (Fictitious character) --
650 _aJuvenile literature.
650 _aReptiles -- Pictorial works --
650 _xJuvenile literature.
650 _xPictorial works --
999 _c306100
_d306100